000
00272nam a22000977a 4500
008
241128b |||||||| |||| 00| 0 eng d
020
_a
9780241434666
100
_a
Colfer Eoin
_9
7815
245
_a
Artemis Fowl ( And The Opal Deception)-4
260
_a
London
_b
Puffin Books
_c
2019
999
_c
12712
_d
12712